People with Plants in their Names - Statistics

General Stats
  • This quiz has been taken 36 times
  • The average score is 11 of 18
Answer Stats
Name Description Answer % Correct
_____ Atkinson Star of Blackadder and Mr. Bean Rowan
100%
Stan ______ Comedic partner of Oliver Hardy Laurel
91%
Kate ____ 1990s supermodel often associated with ultra-thin 'heroin chic' Moss
85%
_______ Mills Former wife of Sir Paul McCartney Heather
82%
____ Byrne Australian actress who starred in Neighbors, 28 Weeks Later and Bridesmaids Rose
76%
____ Allen English singer known for her 2006 single 'Smile' Lily
73%
Aryton _____ Brazilian F1 driver who died in a racing crash in 1994 Senna
70%
_____ Hunter American actress who won the Best Actress Oscar for her role in The Piano Holly
67%
______ Smith American singer and daughter of Will Smith Willow
64%
_____ Rathbone Actor who played Sherlock Holmes in fourteen films between 1939 and 1946 Basil
61%
______ du Maurier Writer of the 1938 gothic novel 'Rebecca' Daphne
61%
Iggy ______ Australian rapper who had a 2014 hit with 'Fancy' Azalea
55%
Michael ___ American film director known for his regular use of special effects and explosions Bay
55%
______ Top Red-headed comedian whose shows involve the heavy use of props Carrot
52%
____ Murdoch British-Irish writer and philosopher who won the 1978 Booker Prize for 'The Sea, The Sea' Iris
52%
_____ Ridley Actress who starred as Rey in the Star Wars movies Daisy
42%
Günter _____ German writer who wrote 'The Tin Drum' Grass
30%
Phillis _____ley 18th century African-American poet who wrote on the subjects of slavery and the American Revolution Wheat
6%
No matching quizzes found
Score Distribution
Percent of People with Each Score
Percentile by Number Answered
Your Score History
You have not taken this quiz